000 00298nam a22001337a 4500
008 170309b xxu||||| |||| 00| 0 eng d
020 _a0881674559
041 _aeng
080 _a611
100 _a6
101 _aSHM
245 _aANATOMY AND MRI OF THE JOINTS
_cMIDDLETON, W.D
942 _2udc
_cBK
999 _c7320
_d7320